[Event "Nova Gorica op 28th"]
[Site "Nova Gorica"]
[Date "2024.01.30"]
[Round "6"]
[White "Trybus, Dominika"]
[Black "Gricnik, Tine"]
[Result "1-0"]
[WhiteElo "1530"]
[BlackElo "1758"]
[PlyCount "71"]
[EventDate "2024.01.26"]
[EventType "swiss"]
[EventRounds "9"]
[EventCountry "SLO"]
[SourceTitle "CB06_2024"]
[SourceDate "2024.02.07"]
[SourceVersion "1"]
[SourceVersionDate "2024.02.07"]
[SourceQuality "1"]

1. e4 e6 2. d4 d5 3. e5 c5 4. c3 Ne7 5. Be3 Nf5 6. Nf3 cxd4 7. cxd4 Bb4+ 8. Nc3 Qa5 9. Qd2 Bd7 10. Bd3 Nxe3 11. fxe3 0-0 12. 0-0 Na6 13. Rac1 Rac8 14. Bb1 Rc7 15. Ng5 g6 16. Qf2 Be7 17. Qh4 Bxg5 18. Qxg5 Qb4 19. Rf2 Be8 20. Rcf1 Qe7 21. Qh6 f5 22. exf6 Qf7 23. Rf3 Kh8 24. Qg7+ Qxg7 25. fxg7+ Kxg7 26. Rxf8 Bf7 27. Ra8 Re7 28. Rxa7 Nb4 29. a3 Nc6 30. Ra8 e5 31. dxe5 Rxe5 32. Ba2 Ne7 33. Ra7 Rxe3 34. Rxb7 Kg8 35. a4 Re5 36. a5 1-0

[Event "Nova Gorica op 28th"]
[Site "Nova Gorica"]
[Date "2024.01.29"]
[Round "5"]
[White "Barbir, Petar"]
[Black "Trybus, Dominika"]
[Result "1/2-1/2"]
[WhiteElo "1738"]
[BlackElo "1530"]
[PlyCount "50"]
[EventDate "2024.01.26"]
[EventType "swiss"]
[EventRounds "9"]
[EventCountry "SLO"]
[SourceTitle "CB06_2024"]
[SourceDate "2024.02.07"]
[SourceVersion "1"]
[SourceVersionDate "2024.02.07"]
[SourceQuality "1"]

1. e4 c5 2. Nf3 e6 3. d4 cxd4 4. Nxd4 Nc6 5. Nc3 Qc7 6. Be2 Nf6 7. 0-0 Be7 8. Be3 a6 9. f4 Nxd4 10. Qxd4 0-0 11. e5 Ne8 12. a4 d6 13. a5 Bd7 14. Na4 Qxc2 15. Nb6 Rd8 16. Bd3 dxe5 17. fxe5 Qc7 18. Qe4 g6 19. Bh6 Bc6 20. Qe2 Ng7 21. Rac1 Bb4 22. Nc4 Rd7 23. Nb6 Rdd8 24. Nc4 Rd7 25. Nb6 Rdd8 1/2-1/2

[Event "Nova Gorica op 28th"]
[Site "Nova Gorica"]
[Date "2024.01.28"]
[Round "4"]
[White "Kukushkin, Ivan"]
[Black "Trybus, Dominika"]
[Result "1-0"]
[WhiteElo "1890"]
[BlackElo "1530"]
[PlyCount "73"]
[EventDate "2024.01.26"]
[EventType "swiss"]
[EventRounds "9"]
[EventCountry "SLO"]
[SourceTitle "CB06_2024"]
[SourceDate "2024.02.07"]
[SourceVersion "1"]
[SourceVersionDate "2024.02.07"]
[SourceQuality "1"]

1. e4 c5 2. c3 e6 3. d4 Nf6 4. Bd3 Nc6 5. Nf3 Qb6 6. Bc2 cxd4 7. cxd4 Nb4 8. Nc3 Nxc2+ 9. Qxc2 Be7 10. Bg5 h6 11. Bf4 d6 12. 0-0 0-0 13. Rac1 Bd7 14. Qd2 Kh7 15. Rfe1 Rac8 16. e5 Nd5 17. Bg3 Nxc3 18. bxc3 d5 19. h4 Rc7 20. Nh2 Rfc8 21. Ng4 Qa5 22. Re3 Bb4 23. Rf3 Rxc3 24. Rcxc3 Bxc3 25. Qd3+ Kg8 26. Bf4 Bb5 27. Qe3 h5 28. Nf6+ Kf8 29. Nxh5 Qxa2 30. Bh6 Qa1+ 31. Kh2 gxh6 32. Qxh6+ Ke8 33. Rxf7 Kxf7 34. Qg7+ Ke8 35. Nf6+ Kd8 36. Qf8+ Be8 37. Qd6+ 1-0

[Event "Nova Gorica op 28th"]
[Site "Nova Gorica"]
[Date "2024.01.26"]
[Round "1"]
[White "Trybus, Dominika"]
[Black "Rigatti, Giorgio"]
[Result "1/2-1/2"]
[WhiteElo "1530"]
[BlackElo "1749"]
[PlyCount "57"]
[EventDate "2024.01.26"]
[EventType "swiss"]
[EventRounds "9"]
[EventCountry "SLO"]
[SourceTitle "CB06_2024"]
[SourceDate "2024.02.07"]
[SourceVersion "1"]
[SourceVersionDate "2024.02.07"]
[SourceQuality "1"]

1. e4 c5 2. Nf3 d6 3. d4 cxd4 4. Qxd4 Nc6 5. Bb5 Bd7 6. Bxc6 Bxc6 7. Nc3 Nf6 8. Bg5 e6 9. h4 Be7 10. 0-0-0 Qc7 11. Qe3 b5 12. Bxf6 Bxf6 13. Nd5 Bxd5 14. exd5 e5 15. Nd4 Qc5 16. Nc6 Qxe3+ 17. fxe3 Bd8 18. Rdf1 0-0 19. Rf3 f5 20. Kd2 h5 21. g3 g6 22. Rhf1 e4 23. R3f2 Bf6 24. c3 a5 25. a3 Kg7 26. Kc2 a4 27. Kb1 Kh6 28. Kc2 Kg7 29. Kb1 1/2-1/2

[Event "POL-ch sf (Women)"]
[Site "Karpacz"]
[Date "2023.12.09"]
[Round "6"]
[White "Kulon, Klaudia"]
[Black "Trybus, Dominika"]
[Result "1-0"]
[WhiteElo "2321"]
[BlackElo "1450"]
[PlyCount "51"]
[EventDate "2023.12.04"]
[EventType "swiss"]
[EventRounds "9"]
[EventCountry "POL"]
[SourceTitle "CB50_2023"]
[SourceDate "2023.12.13"]
[SourceVersion "1"]
[SourceVersionDate "2023.12.13"]
[SourceQuality "1"]

1. d4 e6 2. c4 Nf6 3. Nc3 d5 4. Bg5 Be7 5. e3 0-0 6. Qc2 b6 7. cxd5 exd5 8. Bd3 h6 9. Bh4 Ba6 10. Nf3 Bxd3 11. Qxd3 Nbd7 12. 0-0 Re8 13. Rac1 a6 14. Ne5 Nxe5 15. dxe5 Nh7 16. Bxe7 Rxe7 17. Qxd5 Qe8 18. f4 Kh8 19. Qb3 Rc8 20. Nd5 Rd7 21. Rc6 Nf8 22. e4 Ne6 23. Qe3 Nd8 24. Rxh6+ gxh6 25. Nf6 Qe6 26. f5 1-0

[Event "Bohumin op-B 6th"]
[Site "Bohumin"]
[Date "2023.07.05"]
[Round "5"]
[White "Trybus, Dominika"]
[Black "Repak, Jan"]
[Result "1-0"]
[WhiteElo "1605"]
[BlackElo "1814"]
[PlyCount "37"]
[EventDate "2023.07.01"]
[EventType "swiss"]
[EventRounds "9"]
[EventCountry "CZE"]
[SourceTitle "EXT 2024"]
[Source "ChessBase"]
[SourceDate "2023.10.10"]
[SourceVersion "1"]
[SourceVersionDate "2023.10.10"]
[SourceQuality "1"]

1. e4 c5 2. Nf3 d6 3. d4 cxd4 4. Nxd4 Nf6 5. Nc3 a6 6. Be2 Nc6 7. 0-0 g6 8. Be3 Bg7 9. a4 0-0 10. Kh1 Qc7 11. f4 Nxd4 12. Bxd4 e5 13. fxe5 dxe5 14. Be3 Rd8 15. Qe1 Qc6 16. Qh4 b6 17. Nd5 Rxd5 18. exd5 Nxd5 19. Bf3 1-0

[Event "Bohumin op-B 6th"]
[Site "Bohumin"]
[Date "2023.07.03"]
[Round "3"]
[White "Trybus, Dominika"]
[Black "Mikova, Miriam"]
[Result "0-1"]
[WhiteElo "1605"]
[BlackElo "1758"]
[PlyCount "72"]
[EventDate "2023.07.01"]
[EventType "swiss"]
[EventRounds "9"]
[EventCountry "CZE"]
[SourceTitle "EXT 2024"]
[Source "ChessBase"]
[SourceDate "2023.10.10"]
[SourceVersion "1"]
[SourceVersionDate "2023.10.10"]
[SourceQuality "1"]

1. e4 c6 2. d4 d5 3. e5 Bf5 4. h4 h5 5. Bd3 Bxd3 6. Qxd3 e6 7. Bg5 Qb6 8. Nc3 Ne7 9. Nf3 Nf5 10. 0-0 Nd7 11. b3 Be7 12. Bxe7 Nxe7 13. Ne2 Nf5 14. c4 0-0 15. Nf4 g6 16. c5 Qd8 17. g3 b6 18. b4 bxc5 19. bxc5 Qa5 20. a3 Rfb8 21. Rab1 a6 22. Kg2 Rb5 23. Rxb5 axb5 24. Ra1 Qa4 25. Ne2 b4 26. Nd2 Rb8 27. f3 Qc2 28. Qxc2 Ne3+ 29. Kf2 Nxc2 30. Rb1 bxa3 31. Rxb8+ Nxb8 32. Nc1 Nxd4 33. f4 Na6 34. Ndb3 Nxb3 35. Nxb3 a2 36. Ke3 Nxc5 0-1

[Event "POL-ch U18 Girls"]
[Site "Jastrzebia Gora"]
[Date "2023.??.??"]
[Round "8"]
[White "Lochina, Justyna"]
[Black "Trybus, Dominika"]
[Result "1/2-1/2"]
[WhiteElo "1645"]
[BlackElo "1543"]
[PlyCount "61"]
[EventDate "2023.03.11"]
[EventType "swiss"]
[EventRounds "9"]
[EventCountry "POL"]
[SourceTitle "CBM 213 Extra"]
[Source "ChessBase"]
[SourceDate "2023.05.31"]
[SourceVersion "1"]
[SourceVersionDate "2023.05.31"]
[SourceQuality "1"]

1. e4 c6 2. d4 d5 3. Nc3 dxe4 4. Nxe4 Bf5 5. Ng3 Bg6 6. h4 h6 7. h5 Bh7 8. Nf3 Nd7 9. Bd3 Bxd3 10. Qxd3 Ngf6 11. Bd2 e6 12. 0-0-0 Be7 13. c4 0-0 14. Ne4 Nxe4 15. Qxe4 b5 16. c5 Qc7 17. g4 Nf6 18. Qe5 Qxe5 19. Nxe5 Rac8 20. f4 Ne4 21. Be3 Rfd8 22. Rdg1 Rd5 23. Kc2 a5 24. a3 a4 25. b3 axb3+ 26. Kxb3 f6 27. Ng6 Bd8 28. Re1 Kf7 29. Rh2 Ba5 30. Rc1 Ra8 31. Re2 1/2-1/2

[Event "POL-ch U18 Girls"]
[Site "Jastrzebia Gora"]
[Date "2023.??.??"]
[Round "3"]
[White "Trybus, Dominika"]
[Black "Bauer, Marika"]
[Result "1-0"]
[WhiteElo "1543"]
[BlackElo "1183"]
[PlyCount "117"]
[EventDate "2023.03.11"]
[EventType "swiss"]
[EventRounds "9"]
[EventCountry "POL"]
[SourceTitle "CBM 213 Extra"]
[Source "ChessBase"]
[SourceDate "2023.05.31"]
[SourceVersion "1"]
[SourceVersionDate "2023.05.31"]
[SourceQuality "1"]

1. e4 e5 2. Bc4 Bc5 3. Nf3 Nc6 4. 0-0 Nf6 5. d3 h6 6. c3 d6 7. Nbd2 0-0 8. Re1 Be6 9. Bb5 a6 10. Ba4 Bb6 11. Nf1 Ne7 12. d4 exd4 13. cxd4 Ng6 14. Ng3 Bd7 15. Bc2 Re8 16. h4 Bg4 17. h5 Nxh5 18. Nxh5 Bxh5 19. Qd3 Qd7 20. Nh2 Nf8 21. Bd2 Bg6 22. d5 Qb5 23. Qxb5 axb5 24. Bd3 c6 25. dxc6 bxc6 26. Kf1 d5 27. f3 dxe4 28. Bxe4 Bxe4 29. Rxe4 Rxe4 30. fxe4 Ra4 31. e5 Re4 32. Re1 Rxe1+ 33. Kxe1 Bd4 34. Bc3 Bxc3+ 35. bxc3 Ng6 36. Nf3 Kf8 37. Kd2 Ke7 38. Ke3 Ke6 39. Ke4 Ne7 40. Nd4+ Kd7 41. a3 Nd5 42. Ne2 Ke6 43. Nd4+ Kd7 44. Nxb5 Ke7 45. c4 Nb6 46. Nd4 Nxc4 47. a4 Kd7 48. Nf5 g6 49. Nxh6 Ke6 50. Ng4 f6 51. exf6 Nd6+ 52. Kd4 Nb7 53. g3 g5 54. Kc4 Nd6+ 55. Kc5 Kd7 56. Ne5+ Ke6 57. f7 Ke7 58. f8Q+ Kxf8 59. Kxd6 1-0

[Event "POL-ch U18 Girls"]
[Site "Jastrzebia Gora"]
[Date "2023.??.??"]
[Round "1"]
[White "Trybus, Dominika"]
[Black "Starosta, Martyna"]
[Result "0-1"]
[WhiteElo "1543"]
[BlackElo "2138"]
[PlyCount "104"]
[EventDate "2023.03.11"]
[EventType "swiss"]
[EventRounds "9"]
[EventCountry "POL"]
[SourceTitle "CBM 213 Extra"]
[Source "ChessBase"]
[SourceDate "2023.05.31"]
[SourceVersion "1"]
[SourceVersionDate "2023.05.31"]
[SourceQuality "1"]

1. e4 c6 2. d4 d5 3. exd5 cxd5 4. Bd3 Nc6 5. c3 Nf6 6. h3 g6 7. Qc2 e5 8. dxe5 Nxe5 9. Bb5+ Bd7 10. Bxd7+ Qxd7 11. Bf4 Bd6 12. Ne2 0-0 13. 0-0 Rfe8 14. Nd2 Rad8 15. Bg5 Kg7 16. f4 Nc6 17. Nb3 h6 18. Bh4 Re4 19. Bxf6+ Kxf6 20. Qd2 Rde8 21. Ned4 Nxd4 22. Nxd4 Bc5 23. Rae1 Qe7 24. Rxe4 Qxe4 25. Rd1 Bxd4+ 26. cxd4 Rc8 27. Qf2 Rc2 28. Rd2 Rc1+ 29. Kh2 Re1 30. Rc2 Kg7 31. Rd2 Re3 32. a3 Kh7 33. Kg1 Kg7 34. Kh2 g5 35. fxg5 hxg5 36. g3 Re1 37. Qg2 Qe3 38. h4 Kg6 39. Rf2 g4 40. Rd2 f5 41. Rf2 Kh6 42. b4 f4 43. Rxf4 Re2 44. Qxe2 Qxe2+ 45. Kh1 Qd3 46. Kg2 Qxa3 47. Rxg4 Qxb4 48. Rf4 a5 49. g4 a4 50. Rf6+ Kg7 51. g5 Qxd4 52. Rf3 a3 0-1

[Event "POL-ch U16 Girls"]
[Site "Sypniewo"]
[Date "2022.03.24"]
[Round "6"]
[White "Trybus, Dominika"]
[Black "Reszka, Barbara"]
[Result "1-0"]
[WhiteElo "1534"]
[BlackElo "1156"]
[PlyCount "109"]
[EventDate "2022.03.19"]
[EventType "swiss"]
[EventRounds "9"]
[EventCountry "POL"]
[SourceTitle "CBM 207 Extra"]
[Source "ChessBase"]
[SourceDate "2022.05.31"]
[SourceVersion "1"]
[SourceVersionDate "2022.05.31"]
[SourceQuality "1"]

1. e4 c5 2. Nf3 e6 3. g3 a6 4. Bg2 Qc7 5. d3 d6 6. c3 b5 7. 0-0 Bb7 8. Qe2 Nd7 9. a4 b4 10. cxb4 cxb4 11. Be3 a5 12. Rc1 Qb8 13. Nd4 Nc5 14. Nb5 Ba6 15. Nxd6+ Bxd6 16. Bxc5 Bxc5 17. Rxc5 Qd8 18. e5 Bxd3 19. Bc6+ Kf8 20. Qe3 Rb8 21. Nd2 Ne7 22. Nb3 Nxc6 23. Rxc6 Qd5 24. Rac1 Rd8 25. Rc8 Qd7 26. Rxd8+ Qxd8 27. Rd1 Ke7 28. Qxd3 Qc7 29. Nxa5 g6 30. Nc4 Qc8 31. Qd6+ Ke8 32. Qxb4 Qa8 33. Qb5+ Kf8 34. b4 Kg7 35. a5 Rb8 36. Nb6 Qe4 37. Qc5 Qe2 38. Qd4 Qf3 39. Qd3 Qc6 40. b5 Qc7 41. Qe3 Qc2 42. Rd2 Qb1+ 43. Kg2 Qxb5 44. Qf4 Qxa5 45. Nc4 Qa8+ 46. Qf3 Qa6 47. Rd7 Qxc4 48. Qxf7+ Kh6 49. Qxh7+ Kg5 50. h4+ Kf5 51. Rf7+ Kxe5 52. Qg7+ Kd5 53. Rd7+ Ke4 54. Qxg6+ Ke5 55. f4+ 1-0

[Event "POL-ch U16 Girls"]
[Site "Sypniewo"]
[Date "2022.03.23"]
[Round "5"]
[White "Labedz, Gabriela"]
[Black "Trybus, Dominika"]
[Result "0-1"]
[WhiteElo "1404"]
[BlackElo "1534"]
[PlyCount "92"]
[EventDate "2022.03.19"]
[EventType "swiss"]
[EventRounds "9"]
[EventCountry "POL"]
[SourceTitle "CBM 207 Extra"]
[Source "ChessBase"]
[SourceDate "2022.05.31"]
[SourceVersion "1"]
[SourceVersionDate "2022.05.31"]
[SourceQuality "1"]

1. e4 c6 2. d4 d5 3. e5 Bf5 4. h4 h5 5. Bd3 Bxd3 6. Qxd3 e6 7. Nf3 c5 8. c4 dxc4 9. Qxc4 Nd7 10. Nc3 a6 11. d5 Nb6 12. Qe4 exd5 13. Qf4 Be7 14. Qg3 Kf8 15. 0-0 Nh6 16. Ng5 Qd7 17. f3 Nf5 18. Qf4 Bxg5 19. Qxg5 Nd4 20. b3 Rh6 21. Be3 Ne6 22. Qf5 Rh8 23. Bf2 Nc8 24. Na4 Qc7 25. Kh1 Ne7 26. Qc2 Rc8 27. Rfe1 b5 28. Nc3 d4 29. Ne4 Qxe5 30. Ng5 Qd5 31. Re4 Nxg5 32. hxg5 Nf5 33. Rae1 g6 34. Re5 Qd6 35. Qe4 Kg7 36. Rd5 Qc7 37. Re5 h4 38. Kg1 Ng3 39. Bxg3 hxg3 40. Qf4 Qd6 41. Qxg3 d3 42. Qf4 c4 43. bxc4 bxc4 44. R5e4 Qxf4 45. Rxf4 d2 46. Rd1 c3 0-1

[Event "Jastrzebie Zdroj op 4th"]
[Site "Jastrzebie Zdroj"]
[Date "2021.11.13"]
[Round "9"]
[White "Trybus, Dominika"]
[Black "Zmarzly, Wiktor"]
[Result "1/2-1/2"]
[WhiteElo "1563"]
[BlackElo "1665"]
[PlyCount "163"]
[EventDate "2021.11.07"]
[EventType "swiss"]
[EventRounds "9"]
[EventCountry "POL"]
[SourceTitle "CBM 205 Extra"]
[Source "ChessBase"]
[SourceDate "2022.01.31"]
[SourceVersion "1"]
[SourceVersionDate "2022.01.31"]
[SourceQuality "1"]

1. e4 c5 2. c3 d5 3. exd5 Qxd5 4. d4 Nc6 5. Be3 cxd4 6. cxd4 e5 7. Nc3 Bb4 8. Qd2 Bxc3 9. bxc3 exd4 10. cxd4 Nf6 11. Nf3 Bg4 12. Be2 Rd8 13. 0-0 0-0 14. Rfd1 Rd7 15. h3 Bf5 16. Rac1 Ne4 17. Qb2 Qa5 18. Bb5 Rc7 19. Bxc6 bxc6 20. Bf4 Rcc8 21. Ne5 Qa4 22. Nc4 Be6 23. Qc2 Qxc2 24. Rxc2 Bd5 25. Ne3 Nf6 26. f3 Rfe8 27. Kf2 Re6 28. Nf5 Rd8 29. Rb1 g6 30. Nh6+ Kg7 31. Rb7 Rd7 32. Rxd7 Nxd7 33. Ng4 h5 34. Ne3 Nb6 35. Bb8 a6 36. Ba7 Nc8 37. Bc5 Nd6 38. Nxd5 cxd5 39. Bxd6 Rxd6 40. Ke3 Kf6 41. Kd3 Kf5 42. Rc7 f6 43. Kc3 h4 44. Kb4 Rb6+ 45. Kc5 Rb5+ 46. Kd6 Rb2 47. Kxd5 Rxa2 48. Rc5 Rxg2 49. Kd6+ Kf4 50. d5 Kxf3 51. Rc3+ Kf4 52. Ke6 f5 53. d6 Rd2 54. d7 g5 55. Rc4+ Kg3 56. Rc3+ Kg2 57. Rc2 Rxc2 58. d8Q g4 59. hxg4 fxg4 60. Qxh4 Re2+ 61. Kf5 g3 62. Kf4 Rf2+ 63. Kg4 Rf3 64. Qd8 Rf2 65. Qd3 Kg1 66. Kxg3 Rg2+ 67. Kf3 Rf2+ 68. Ke3 Rg2 69. Qxa6 Rg3+ 70. Kf4 Rg2 71. Qa1+ Kh2 72. Qe1 Rg1 73. Qf2+ Rg2 74. Qh4+ Kg1 75. Kf3 Rg8 76. Qd4+ Kh2 77. Qh4+ Kg1 78. Qf2+ Kh1 79. Ke3 Re8+ 80. Kd2 Rd8+ 81. Ke1 Rd1+ 82. Kxd1 1/2-1/2

[Event "Jastrzebie Zdroj op 4th"]
[Site "Jastrzebie Zdroj"]
[Date "2021.11.10"]
[Round "5"]
[White "Trybus, Dominika"]
[Black "Tymrakiewicz, Rafal"]
[Result "0-1"]
[WhiteElo "1563"]
[BlackElo "2225"]
[PlyCount "100"]
[EventDate "2021.11.07"]
[EventType "swiss"]
[EventRounds "9"]
[EventCountry "POL"]
[SourceTitle "CBM 205 Extra"]
[Source "ChessBase"]
[SourceDate "2022.01.31"]
[SourceVersion "1"]
[SourceVersionDate "2022.01.31"]
[SourceQuality "1"]

1. e4 d5 2. exd5 Nf6 3. Nf3 Nxd5 4. d4 g6 5. c4 Nf6 6. Be2 Bg7 7. Nc3 0-0 8. 0-0 c6 9. Rb1 a6 10. Be3 Be6 11. Qd2 Re8 12. Rbd1 Bf5 13. Ne5 Nbd7 14. f4 Ne4 15. Nxe4 Bxe4 16. Bd3 Bxd3 17. Qxd3 e6 18. Rf3 Qe7 19. c5 Rad8 20. Nxd7 Rxd7 21. Qe2 Red8 22. Qf2 Qxc5 23. dxc5 Rxd1+ 24. Qf1 Bxb2 25. Qxd1 Rxd1+ 26. Rf1 Rxf1+ 27. Kxf1 f6 28. Bd2 Bd4 29. Bb4 e5 30. fxe5 Bxe5 31. g3 Kf7 32. Ke2 Ke6 33. Kd3 Kd5 34. a4 f5 35. a5 Bd4 36. Ba3 Bxc5 37. Bxc5 Kxc5 38. Ke3 g5 39. h4 h6 40. hxg5 hxg5 41. Kd3 Kd5 42. Ke3 c5 43. Kd3 f4 44. g4 c4+ 45. Kd2 Kd4 46. Kc2 f3 47. Kb2 f2 48. Ka3 f1Q 49. Ka4 Qb1 50. Ka3 Qb3# 0-1

[Event "Jastrzebie Zdroj op 4th"]
[Site "Jastrzebie Zdroj"]
[Date "2021.11.08"]
[Round "3"]
[White "Trybus, Dominika"]
[Black "Bulawa, Adam"]
[Result "1-0"]
[WhiteElo "1563"]
[BlackElo "1115"]
[PlyCount "133"]
[EventDate "2021.11.07"]
[EventType "swiss"]
[EventRounds "9"]
[EventCountry "POL"]
[SourceTitle "CBM 205 Extra"]
[Source "ChessBase"]
[SourceDate "2022.01.31"]
[SourceVersion "1"]
[SourceVersionDate "2022.01.31"]
[SourceQuality "1"]

1. e4 c5 2. c3 Nc6 3. d4 cxd4 4. cxd4 e6 5. d5 exd5 6. exd5 Ne5 7. f4 Ng6 8. d6 Qb6 9. Qe2+ Kd8 10. f5 Qa5+ 11. Qd2 Qxf5 12. Bd3 Qe6+ 13. Ne2 Bxd6 14. 0-0 N8e7 15. Nbc3 b6 16. Nd4 Bc5 17. Be4 Nc6 18. Bxc6 Qxc6 19. Rf2 Bxd4 20. Qxd4 f6 21. Bd2 Bb7 22. Rc1 Rc8 23. a4 Qc5 24. Qg4 Qd6 25. Rd1 Qe6 26. Qxe6 dxe6 27. Bh6+ Ke8 28. Bxg7 Rg8 29. Bxf6 e5 30. Rfd2 Nf4 31. g3 Nh3+ 32. Kf1 Rf8 33. Rd8+ Rxd8 34. Rxd8+ Kf7 35. Rxf8+ Kxf8 36. Bxe5 Ba6+ 37. Kg2 Ng5 38. h4 Nf7 39. Bb8 Bb7+ 40. Kf2 a6 41. Ba7 Ne5 42. Bxb6 Nd3+ 43. Ke3 Nxb2 44. Kd4 Ke7 45. a5 Bc6 46. Nd5+ Bxd5 47. Kxd5 Nd3 48. Kc6 Ne5+ 49. Kb7 Kd7 50. Kxa6 Kc8 51. Kb5 Nd3 52. Kc6 Kb8 53. Kd7 Nc1 54. Ke6 h5 55. Kf5 Ne2 56. Bf2 Kb7 57. Kg5 Ka6 58. Kxh5 Nc3 59. Be1 Nd5 60. g4 Nf6+ 61. Kg5 Ne4+ 62. Kg6 Nd6 63. h5 Nc4 64. h6 Nxa5 65. Bxa5 Kxa5 66. h7 Kb6 67. h8Q 1-0